000 00578nam a22002177a 4500
003 UA-OsUOA
001 62975
007 ta
008 20090915b un ||||| |||| 00| 0 ukr d
100 _aРустамов Э.
090 _a330
_bР89
942 _cSA
040 _aUA-OsUOA
_brus
_cUA-OsUOA
_dUA-OsUOA
245 _aПринципы эволюционной модернизации переходных экономик
300 _aС.85-97
955 _a0
041 _arus
080 _a330
773 0 _w62972
650 7 _a330 Економіка взагалі
_2UDC
999 _c349065
_d349065